<?xml version="1.0" encoding="UTF-8"?>
<collection xmlns="http://www.loc.gov/MARC21/slim">
 <record>
  <leader>01157nam a2200217Ia 4500</leader>
  <controlfield tag="001">CTU_224870</controlfield>
  <controlfield tag="008">210402s9999    xx            000 0 und d</controlfield>
  <datafield tag="082" ind1=" " ind2=" ">
   <subfield code="a">346.597082</subfield>
  </datafield>
  <datafield tag="082" ind1=" " ind2=" ">
   <subfield code="b">Th500</subfield>
  </datafield>
  <datafield tag="100" ind1=" " ind2=" ">
   <subfield code="a">Vũ, Thị Lệ Thu</subfield>
  </datafield>
  <datafield tag="245" ind1=" " ind2="0">
   <subfield code="a">Xử lý hành vi lừa đảo chiếm đoạt tài sản - Thực trạng áp dụng trong lĩnh vực ngân hàng :</subfield>
  </datafield>
  <datafield tag="245" ind1=" " ind2="0">
   <subfield code="b">Luận văn Thạc sĩ Luật học. Chuyên ngành Luật kinh tế</subfield>
  </datafield>
  <datafield tag="245" ind1=" " ind2="0">
   <subfield code="c">Vũ Thị Lệ Thu ; Phạm Văn Beo (Cán bộ hướng dẫn)</subfield>
  </datafield>
  <datafield tag="260" ind1=" " ind2=" ">
   <subfield code="a">Cần Thơ</subfield>
  </datafield>
  <datafield tag="260" ind1=" " ind2=" ">
   <subfield code="b">Trường Đại học Cần Thơ</subfield>
  </datafield>
  <datafield tag="260" ind1=" " ind2=" ">
   <subfield code="c">2017</subfield>
  </datafield>
  <datafield tag="520" ind1=" " ind2=" ">
   <subfield code="a">Trình bày cơ sở lý luận và pháp lý, thực trạng về hành vi lừa đảo chiếm đoạt tài sản trong lĩnh vực ngân hàng, bất cập và giải pháp xử lý hành vi lừa đảo chiếm đoạt tài sản trong lĩnh vực ngân hàng.</subfield>
  </datafield>
  <datafield tag="650" ind1=" " ind2=" ">
   <subfield code="a">Luật ngân hàng,Banking law</subfield>
  </datafield>
  <datafield tag="650" ind1=" " ind2=" ">
   <subfield code="z">Việt Nam,Vietnam</subfield>
  </datafield>
  <datafield tag="910" ind1=" " ind2=" ">
   <subfield code="b">nthai</subfield>
  </datafield>
  <datafield tag="980" ind1=" " ind2=" ">
   <subfield code="a">Trung tâm Học liệu Trường Đại học Cần Thơ</subfield>
  </datafield>
 </record>
</collection>
